| 000 | 00480nam a2200181 a 4500 | ||
|---|---|---|---|
| 005 | 20140311163025.0 | ||
| 008 | 080313s19uu xx 00 eng d | ||
| 020 | _a0689855788 | ||
| 050 |
_aPZ 7 _b.G619S48 2003 |
||
| 100 | _aGoldman, Leslie | ||
| 245 |
_aWitch glitch / _cLeslie Goldman. |
||
| 260 |
_aNew York : _bSimon Pulse, _c2003. |
||
| 300 |
_a148 p. : _c18 cm. |
||
| 440 |
_aSabrina the teenage witch. _n48 |
||
| 650 | _aFiction. | ||
| 942 |
_cBK _2lcc |
||
| 999 |
_c39523 _d39523 |
||